Southville International School and Colleges
Your cart is empty.
  • Cart
  • Lists
    Public lists Eva Luna New books Lux_list list_1
    Your lists Log in to create your own lists
  • Log in to your account
  • Your cookies
  • Search history
Southville International School and Colleges
  • Advanced search
  • Recent comments
  • Most popular
  • Libraries

Log in to your account

Log in with GOOGLE


If you do not have an external account, but do have a local account, you can still log in:

  1. Home
  2. MARC view: The spectacular tree /
Normal view MARC view ISBD view

The spectacular tree / (Record no. 8403)

[ view plain ]
MARC details
000 -LEADER
fixed length control field 00590nam a22001937a 4500
003 - CONTROL NUMBER IDENTIFIER
control field OSt
005 - DATE AND TIME OF LATEST TRANSACTION
control field 20140310182023.0
008 - FIXED-LENGTH DATA ELEMENTS--GENERAL INFORMATION
fixed length control field 130801t xxu||||| |||| 00| 0 eng d
020 ## - INTERNATIONAL STANDARD BOOK NUMBER
International Standard Book Number 9716098405
050 ## - LIBRARY OF CONGRESS CALL NUMBER
Classification number PZ 8.1
Item number .M199 2004
082 ## - DEWEY DECIMAL CLASSIFICATION NUMBER
Classification number FIL 398.21599
Item number M27 2004
100 ## - MAIN ENTRY--PERSONAL NAME
Personal name Magnuson, Robert Gunnar
9 (RLIN) 7205
245 ## - TITLE STATEMENT
Title The spectacular tree /
Statement of responsibility, etc written and illustrated by Robert Gunnar Magnuson.
260 ## - PUBLICATION, DISTRIBUTION, ETC. (IMPRINT)
Place of publication, distribution, etc Manila :
Name of publisher, distributor, etc Lampara Pub. House,
Date of publication, distribution, etc c2004.
300 ## - PHYSICAL DESCRIPTION
Extent 30 p. :
Other physical details ill. col. ;
Dimensions 23 cm.
650 ## - SUBJECT ADDED ENTRY--TOPICAL TERM
Topical term or geographic name as entry element Tales
General subdivision Philippines.
9 (RLIN) 7206
942 ## - ADDED ENTRY ELEMENTS (KOHA)
Source of classification or shelving scheme Library of Congress Classification
Koha item type
Holdings
Withdrawn status Lost status Source of classification or shelving scheme Damaged status Home library Current library Shelving location Date acquired Total Checkouts Full call number Barcode Date last seen Copy number Price effective from Koha item type
    Library of Congress Classification   Luxembourg Library Luxembourg Library Filipiniana Section 08/01/2013   PZ 8.1 .M199 2004 14386 08/13/2014 1 08/01/2013 Books

The spectacular tree /

APA

Magnuson R. G., . (2004). The spectacular tree. Manila: Lampara Pub. House.

Chicago

Magnuson Robert Gunnar, . 2004. The spectacular tree. Manila: Lampara Pub. House.

Harvard

Magnuson R. G., . (2004). The spectacular tree. Manila: Lampara Pub. House.

MLA

Magnuson Robert Gunnar, . The spectacular tree. Manila: Lampara Pub. House. 2004.

  • Place hold
  • Print
  • Cite
  • Add to your cart (remove)
  • Save record
    BIBTEX Dublin Core MARCXML MARC (non-Unicode/MARC-8) MARC (Unicode/UTF-8) MARC (Unicode/UTF-8, Standard) MODS (XML) RIS
  • More searches
    Search for this title in:
    Other Libraries (WorldCat) Other Databases (Google Scholar) Online Stores (Bookfinder.com) Open Library (openlibrary.org)

Exporting to Dublin Core...

SOUTHVILLE LIBRARY

Southville International School and Colleges Library

1281 Tropical Ave. Cor. Luxembourg St., BF Homes International, Las Pinas City

Tel. No. 8256374 / 252358 Loc. 117/146

Powered by Koha